[Event "Aeroflot Open"]
[Site "Moscow RUS"]
[Date "2016.03.09"]
[Round "9.4"]
[White "Mikhail Kobalia"]
[Black "Daniil Dubov"]
[Result "1/2-1/2"]
[EventDate "2016.03.01"]
[WhiteElo "2632"]
[BlackElo "2634"]
[PlyCount "24"]

1. c4 e5 2. Nc3 d6 3. g3 g6 4. d4 exd4 5. Qxd4 Nf6 6. Nd5 Bg7 7. Bh6 Bxh6 8. Nxf6+ Kf8 9. Nd7+ Kg8 10. Nf6+ Kf8 11. Nd7+ Kg8 12. Nf6+ Kf8 1/2-1/2

[Event "Aeroflot Open"]
[Site "Moscow RUS"]
[Date "2016.03.08"]
[Round "8.8"]
[White "Daniil Dubov"]
[Black "Alexander Moiseenko"]
[Result "1-0"]
[EventDate "2016.03.01"]
[WhiteElo "2634"]
[BlackElo "2668"]
[PlyCount "51"]

1. e4 c5 2. Nf3 Nc6 3. Bb5 e6 4. O-O Nge7 5. Nc3 Nd4 6. Nxd4 cxd4 7. Ne2 a6 8. Ba4 b5 9. Bb3 Nc6 10. d3 g6 11. Bf4 Bg7 12. Bd6 Na5 13. Qd2 Nb7 14. Bf4 h5 15. c3 e5 16. Bg5 f6 17. f4 dxc3 18. Nxc3 fxg5 19. fxe5 Bxe5 20. Nd5 Bd4+ 21. Kh1 Nc5 22. Nc7+ Qxc7 23. Bf7+ Kf8 24. Qxg5 Qe5 25. Bxg6+ Kg8 26. Bf7+ 1-0

[Event "Aeroflot Open"]
[Site "Moscow RUS"]
[Date "2016.03.07"]
[Round "7.9"]
[White "Aleksandr Rakhmanov"]
[Black "Daniil Dubov"]
[Result "1/2-1/2"]
[EventDate "2016.03.01"]
[WhiteElo "2650"]
[BlackElo "2634"]
[PlyCount "86"]

1. d4 Nf6 2. Nf3 g6 3. c3 Bg7 4. Bg5 d6 5. Nbd2 h6 6. Bh4 g5 7. Bg3 Nh5 8. e4 Nd7 9. Nc4 e6 10. Nfd2 Nxg3 11. hxg3 b5 12. Ne3 b4 13. Ndc4 bxc3 14. bxc3 Nb6 15. Rc1 Bb7 16. Bd3 Nxc4 17. Nxc4 Rb8 18. Qa4+ Kf8 19. Rb1 Ba8 20. Rxb8 Qxb8 21. Ke2 Bf6 22. Rb1 Qd8 23. Qxa7 Kg7 24. Ne3 h5 25. f4 gxf4 26. gxf4 Bh4 27. Rf1 Rg8 28. Qa5 Kh6 29. Rh1 Rg3 30. Kd2 Bc6 31. Be2 f5 32. exf5 e5 33. f6 Rxe3 34. Kxe3 Qxf6 35. dxe5 Bf2+ 36. Kxf2 Qxf4+ 37. Bf3 Qd2+ 38. Kf1 Qd3+ 39. Kf2 Qd2+ 40. Be2 Qf4+ 41. Ke1 Qc1+ 42. Bd1 Qe3+ 43. Kf1 Qf4+ 1/2-1/2

[Event "Aeroflot Open"]
[Site "Moscow RUS"]
[Date "2016.03.06"]
[Round "6.7"]
[White "Daniil Dubov"]
[Black "Vadim Zvjaginsev"]
[Result "1/2-1/2"]
[EventDate "2016.03.01"]
[WhiteElo "2634"]
[BlackElo "2662"]
[PlyCount "31"]

1. d4 d5 2. c4 e6 3. Nf3 Nd7 4. g3 dxc4 5. Bg2 Rb8 6. a4 b6 7. O-O Bb7 8. Nbd2 Ngf6 9. Nxc4 Be7 10. Bd2 a5 11. Qb3 O-O 12. Rfd1 Bd5 13. Bf4 Qc8 14. Nfe5 Nxe5 15. Bxe5 Qb7 16. Bxd5 1/2-1/2

[Event "Bundesliga 2015/16"]
[Site "Emsdetten GER"]
[Date "2015.11.01"]
[Round "2.8"]
[White "Daniil Dubov"]
[Black "Daniele Vocaturo"]
[Result "1-0"]
[EventDate "2015.10.18"]
[WhiteElo "2661"]
[BlackElo "2570"]
[PlyCount "97"]

1. d4 Nf6 2. c4 e6 3. Nf3 d5 4. g3 Be7 5. Bg2 O-O 6. O-O dxc4 7. Qc2 a6 8. Rd1 b5 9. Ne5 Nd5 10. b3 cxb3 11. axb3 Bb7 12. Ba3 a5 13. Bxe7 Qxe7 14. Rc1 c6 15. Nd2 Nb4 16. Qc3 Rd8 17. Ne4 f6 18. Nd3 Nxd3 19. exd3 b4 20. Qc5 Kf8 21. Rxa5 Qxc5 22. Nxc5 Rxa5 23. Nxb7 Rdd5 24. Nxa5 Rxa5 25. Rc4 c5 26. Rxc5 Rxc5 27. dxc5 e5 28. Bb7 Ke7 29. f4 Kd8 30. fxe5 fxe5 31. Kf2 Nd7 32. Ke3 Nxc5 33. Bd5 Ke7 34. d4 Kd6 35. Bg8 exd4+ 36. Kxd4 h6 37. Kc4 Nd7 38. Kxb4 Nf6 39. Bc4 Ng4 40. Be2 Nxh2 41. Kc4 h5 42. Kd4 g5 43. b4 Kc7 44. Ke3 h4 45. Kf2 Kb6 46. Kg2 Ng4 47. Bxg4 Kb5 48. Be2+ Kxb4 49. g4 1-0

[Event "Bundesliga 2015/16"]
[Site "Emsdetten GER"]
[Date "2015.10.31"]
[Round "1.3"]
[White "Pavel Eljanov"]
[Black "Daniil Dubov"]
[Result "1-0"]
[EventDate "2015.10.18"]
[WhiteElo "2717"]
[BlackElo "2661"]
[PlyCount "131"]

1. d4 d5 2. c4 c6 3. Nf3 Nf6 4. e3 Bf5 5. Nc3 e6 6. Nh4 Bg6 7. Nxg6 hxg6 8. a3 Nbd7 9. c5 e5 10. g3 Be7 11. Bg2 O-O 12. O-O Ne8 13. b4 Bf6 14. Qd3 Nc7 15. f4 exd4 16. exd4 b6 17. Rb1 Re8 18. g4 g5 19. h4 bxc5 20. bxc5 Ne6 21. Ne2 gxh4 22. g5 Be7 23. Bd2 Bf8 24. Kh1 Rb8 25. Rb4 Ndxc5 26. dxc5 Nxc5 27. Qf3 Ne4 28. Rxb8 Qxb8 29. Be1 Qb2 30. Qg4 Nd2 31. Bxd2 Qxd2 32. Ng1 Re1 33. g6 fxg6 34. Nf3 Rxf1+ 35. Bxf1 Qf2 36. Qe6+ Kh8 37. Bg2 Qc2 38. Qg4 Qf5 39. Qxh4+ Qh5 40. a4 Bd6 41. Qxh5+ gxh5 42. f5 g6 43. fxg6 Kg7 44. Nd4 Kxg6 45. Nxc6 Bc5 46. Bxd5 Kf5 47. Kg2 Kf4 48. Kh3 Bf2 49. Bf7 h4 50. Bd5 Kf5 51. Kg2 Be3 52. Kf3 Bc5 53. Ke2 Kg4 54. Kd3 h3 55. Kc4 Be3 56. Kb5 Kg3 57. Ka6 h2 58. Nxa7 Kf2 59. Nc6 Kg1 60. Kb5 h1=Q 61. Bxh1 Kxh1 62. a5 Kg2 63. Ne5 Kg3 64. a6 Ba7 65. Kc6 Kf4 66. Kb7 1-0

[Event "World Blitz Championship"]
[Site "Berlin GER"]
[Date "2015.10.14"]
[Round "12.22"]
[White "Daniil Dubov"]
[Black "Ruslan Ponomariov"]
[Result "1-0"]
[EventDate "2015.10.13"]
[WhiteElo "2661"]
[BlackElo "2710"]
[PlyCount "93"]

1. d4 Nf6 2. c4 e6 3. Nf3 b6 4. g3 Bb7 5. Bg2 Be7 6. O-O O-O 7. Nc3 Ne4 8. Bd2 Bf6 9. Qc2 Nxd2 10. Qxd2 d6 11. d5 e5 12. b4 a5 13. a3 Nd7 14. e4 g6 15. Bh3 Bg7 16. Qc2 Ba6 17. Nb5 Kh8 18. Nd2 Nf6 19. bxa5 bxa5 20. a4 Bc8 21. Bxc8 Qxc8 22. Kg2 Nh5 23. c5 dxc5 24. Qxc5 Qg4 25. f3 Qg5 26. Nc4 f5 27. Nxc7 Rac8 28. d6 fxe4 29. fxe4 Qg4 30. Qe3 Nf4+ 31. Kh1 Ne2 32. Rae1 Nd4 33. Rxf8+ Rxf8 34. Nd5 Qh3 35. Nd2 Bh6 36. Qa3 Bxd2 37. Rg1 Rf1 38. d7 Kg7 39. Qe7+ Kh6 40. d8=Q Rxg1+ 41. Kxg1 Nf3+ 42. Kf2 Qxh2+ 43. Kxf3 Qh5+ 44. Kf2 Qh2+ 45. Kf3 Qh5+ 46. g4 Qh3+ 47. Ke2 1-0

[Event "World Blitz Championship"]
[Site "Berlin GER"]
[Date "2015.10.14"]
[Round "13.16"]
[White "Alexey Dreev"]
[Black "Daniil Dubov"]
[Result "1/2-1/2"]
[EventDate "2015.10.13"]
[WhiteElo "2644"]
[BlackElo "2661"]
[PlyCount "35"]

1. d4 d5 2. c4 c6 3. cxd5 cxd5 4. Nc3 Nf6 5. Bf4 Nc6 6. e3 a6 7. Bd3 Bg4 8. Nge2 e6 9. O-O Bd6 10. Qd2 Bxe2 11. Nxe2 O-O 12. Rfc1 Rc8 13. h3 h6 14. Rc2 Bxf4 15. Nxf4 Qd6 16. Rac1 Rc7 17. Ne2 Rfc8 18. Rc3 1/2-1/2

[Event "World Blitz Championship"]
[Site "Berlin GER"]
[Date "2015.10.14"]
[Round "14.19"]
[White "Daniil Dubov"]
[Black "Milos Perunovic"]
[Result "1-0"]
[EventDate "2015.10.13"]
[WhiteElo "2661"]
[BlackElo "2622"]
[PlyCount "55"]

1. Nf3 d5 2. d4 Nf6 3. c4 c6 4. Qc2 dxc4 5. e4 b5 6. b3 cxb3 7. axb3 e6 8. Bd2 Bb7 9. Ba5 Qc8 10. Nbd2 Nbd7 11. b4 Be7 12. Bd3 h6 13. O-O O-O 14. Rfc1 Qb8 15. e5 Nd5 16. Rab1 f5 17. exf6 Bxf6 18. Ne4 Be7 19. Re1 Nf4 20. Bf1 Qe8 21. Bc7 Qg6 22. Bxf4 Rxf4 23. Nfd2 Raf8 24. Bd3 Qe8 25. Qa2 Kh8 26. Qxa7 Bc8 27. Qc7 Nf6 28. Qxf4 1-0

[Event "World Blitz Championship"]
[Site "Berlin GER"]
[Date "2015.10.14"]
[Round "15.9"]
[White "Peter Leko"]
[Black "Daniil Dubov"]
[Result "1/2-1/2"]
[EventDate "2015.10.13"]
[WhiteElo "2707"]
[BlackElo "2661"]
[PlyCount "54"]

1. e4 c5 2. Nf3 Nc6 3. d4 cxd4 4. Nxd4 e5 5. Nb5 d6 6. c4 g6 7. N1c3 a6 8. Na3 Bg7 9. g3 Nge7 10. Bg2 O-O 11. O-O Nd4 12. Nc2 Nec6 13. Nxd4 Nxd4 14. Be3 Be6 15. b3 b5 16. cxb5 axb5 17. Qd3 b4 18. Ne2 d5 19. exd5 Bxd5 20. Nxd4 Bxg2 21. Kxg2 Qd5+ 22. Kg1 exd4 23. Bd2 Rfb8 24. Rfe1 Qb5 25. Qxb5 Rxb5 26. Rac1 h5 27. Rc7 Re5 1/2-1/2

[Event "World Blitz Championship"]
[Site "Berlin GER"]
[Date "2015.10.14"]
[Round "16.15"]
[White "Daniil Dubov"]
[Black "Evgeny Alekseev"]
[Result "0-1"]
[EventDate "2015.10.13"]
[WhiteElo "2661"]
[BlackElo "2642"]
[PlyCount "96"]

1. d4 Nf6 2. c4 e6 3. Nf3 b6 4. g3 Bb7 5. Bg2 Be7 6. O-O O-O 7. Nc3 Ne4 8. Bd2 Bf6 9. Qc2 Nxd2 10. Qxd2 d6 11. d5 e5 12. b4 Nd7 13. e4 g6 14. Bh3 Bg7 15. Qc2 Qe7 16. Nd2 h5 17. Nb3 h4 18. Nb5 Nf6 19. c5 a6 20. Nc3 Bh6 21. Qe2 Kg7 22. Na4 Qd8 23. Nb2 Rh8 24. Nc4 a5 25. cxd6 cxd6 26. b5 a4 27. Nbd2 hxg3 28. Bg2 gxf2+ 29. Qxf2 Bf4 30. h3 Nh5 31. Nxb6 Rb8 32. Nbc4 Ng3 33. Rfe1 Bc8 34. Nf1 Nxf1 35. Qxf1 Rxb5 36. Nxe5 Qb6+ 37. Kh1 Bxe5 38. Rac1 Bd7 39. Rc2 Rb2 40. Rec1 Rxc2 41. Rxc2 Qd8 42. Rd2 Qh4 43. Rd3 Qg5 44. Rf3 Qe7 45. Qd3 Rc8 46. Rf1 Rc3 47. Qe2 Bxh3 48. Rf3 Bg4 0-1

[Event "World Blitz Championship"]
[Site "Berlin GER"]
[Date "2015.10.14"]
[Round "17.20"]
[White "Alexander Morozevich"]
[Black "Daniil Dubov"]
[Result "1/2-1/2"]
[EventDate "2015.10.13"]
[WhiteElo "2711"]
[BlackElo "2661"]
[PlyCount "23"]

1. d4 d5 2. c4 c6 3. Nf3 Nf6 4. e3 Bf5 5. Nc3 e6 6. Bd3 Bxd3 7. Qxd3 Nbd7 8. O-O Be7 9. e4 Nxe4 10. Nxe4 dxe4 11. Qxe4 O-O 12. Rd1 1/2-1/2

[Event "World Blitz Championship"]
[Site "Berlin GER"]
[Date "2015.10.14"]
[Round "18.24"]
[White "Daniil Dubov"]
[Black "Igor Viktorovich Kovalenko"]
[Result "1/2-1/2"]
[EventDate "2015.10.13"]
[WhiteElo "2661"]
[BlackElo "2700"]
[PlyCount "74"]

1. d4 e6 2. c4 b6 3. Nf3 Nf6 4. g3 Ba6 5. b3 b5 6. cxb5 Bxb5 7. Bg2 Bc6 8. O-O a5 9. Nc3 Bb4 10. Na4 O-O 11. Bg5 h6 12. Bxf6 Qxf6 13. Rc1 Ba3 14. Rc2 Na6 15. Rxc6 dxc6 16. Ne5 Nb8 17. e3 Bd6 18. Nxc6 Nxc6 19. Bxc6 Rad8 20. Bg2 c5 21. d5 exd5 22. Bxd5 Be5 23. e4 Bd4 24. Kg2 Kh8 25. Qd2 Qa6 26. Nb2 f5 27. Nd3 fxe4 28. Bxe4 c4 29. bxc4 Qxc4 30. Nf4 Rfe8 31. Rc1 Be5 32. Ng6+ Kg8 33. Ne7+ Kf7 34. Bg6+ Kxe7 35. Qxd8+ Rxd8 36. Rxc4 Rd2 37. Rc2 Rxc2 1/2-1/2

[Event "World Blitz Championship"]
[Site "Berlin GER"]
[Date "2015.10.14"]
[Round "19.22"]
[White "Laurent Fressinet"]
[Black "Daniil Dubov"]
[Result "1/2-1/2"]
[EventDate "2015.10.13"]
[WhiteElo "2702"]
[BlackElo "2661"]
[PlyCount "144"]

1. Nf3 Nf6 2. g3 b6 3. Bg2 Bb7 4. c4 g6 5. d4 Bg7 6. O-O O-O 7. Qc2 c6 8. b3 d5 9. Nbd2 Nbd7 10. Bb2 Rc8 11. e4 e6 12. Rad1 c5 13. exd5 exd5 14. Rfe1 Qc7 15. dxc5 Qxc5 16. Bd4 Qc7 17. Qb2 Rfe8 18. Nh4 dxc4 19. Nxc4 Bxg2 20. Nxg2 Rxe1+ 21. Rxe1 Re8 22. Rc1 Rc8 23. Rd1 Qc6 24. Nf4 Re8 25. Bc3 Qf3 26. Rd3 Qa8 27. Re3 Rxe3 28. Nxe3 Qe4 29. Qa1 h5 30. h4 Qc6 31. Bb2 Qe4 32. Qd1 Kh7 33. Qd4 Qb1+ 34. Kg2 Qxa2 35. b4 Qa4 36. Qc4 Kg8 37. Nxg6 b5 38. Ne7+ Kf8 39. Qf4 Kxe7 40. Nf5+ Kf8 41. Qc7 Kg8 42. Nxg7 Qd1 43. Qd8+ Kxg7 44. Bxf6+ Kg6 45. Bc3 Qd5+ 46. Kh2 Kf5 47. Qg5+ Ke6 48. Qe3+ Kf5 49. Qxa7 f6 50. Qe3 Kg6 51. Qf4 Ne5 52. Bxe5 fxe5 53. Qg5+ Kf7 54. Qxh5+ Kf6 55. Qg5+ Kf7 56. Qf5+ Kg7 57. h5 Qd4 58. Kg2 Qd5+ 59. Qf3 e4 60. Qg4+ Kh8 61. Kh2 Qd4 62. Qf4 Kh7 63. Kg2 Qd5 64. Qe3 Kg7 65. g4 Qc4 66. Qd2 e3 67. Qd7+ Kh6 68. fxe3 Qe2+ 69. Kg3 Qxe3+ 70. Kg2 Qe2+ 71. Kg1 Qe1+ 72. Kg2 Qe2+ 1/2-1/2

[Event "World Blitz Championship"]
[Site "Berlin GER"]
[Date "2015.10.14"]
[Round "20.24"]
[White "Daniil Dubov"]
[Black "Romain Edouard"]
[Result "1-0"]
[EventDate "2015.10.13"]
[WhiteElo "2661"]
[BlackElo "2636"]
[PlyCount "111"]

1. c4 Nf6 2. Nc3 e5 3. Nf3 Nc6 4. g3 g6 5. Bg2 Bg7 6. O-O O-O 7. Rb1 d6 8. b4 h6 9. b5 Ne7 10. a4 Be6 11. d3 Qd7 12. Ba3 Bh3 13. c5 Bxg2 14. Kxg2 Rad8 15. cxd6 cxd6 16. Qb3 Nh5 17. Rfd1 Kh7 18. d4 exd4 19. Nxd4 Qg4 20. e3 Nf6 21. h3 Qd7 22. Nf3 d5 23. Rd3 Rfe8 24. Rbd1 Qe6 25. Bxe7 Rxe7 26. Nxd5 Nxd5 27. Rxd5 Rc8 28. Qd3 Rc3 29. Qb1 Rc4 30. Rd6 Qc8 31. h4 Rxa4 32. h5 Qf5 33. hxg6+ fxg6 34. Qxf5 gxf5 35. Nh4 Rf7 36. Rd7 Kg8 37. Rxf7 Kxf7 38. Nxf5 Bf8 39. Rc1 Rb4 40. Rc7+ Ke6 41. Nd4+ Kd5 42. Rxb7 Bc5 43. Kf3 Bxd4 44. exd4 Kxd4 45. Rxa7 Rxb5 46. Kf4 Kd3 47. Re7 Kd2 48. Kg4 Rg5+ 49. Kh4 Ra5 50. f4 Kd3 51. g4 Kd4 52. f5 Ra1 53. Kh5 Rh1+ 54. Kg6 Kd5 55. f6 Kd6 56. Re4 1-0

[Event "World Blitz Championship"]
[Site "Berlin GER"]
[Date "2015.10.13"]
[Round "1.63"]
[White "Dennes Abel"]
[Black "Daniil Dubov"]
[Result "0-1"]
[EventDate "2015.10.13"]
[WhiteElo "2441"]
[BlackElo "2661"]
[PlyCount "86"]

1. d4 d5 2. c4 c6 3. Nf3 Nf6 4. Nc3 e6 5. Bg5 Nbd7 6. cxd5 exd5 7. e3 Be7 8. Bd3 O-O 9. O-O Ne4 10. Bf4 Ndf6 11. Qc2 Bf5 12. Be5 Re8 13. h3 Bf8 14. Bh2 Rc8 15. Rac1 c5 16. dxc5 Rxc5 17. Nd4 Bg6 18. Qe2 Qc8 19. Bxe4 Nxe4 20. Qe1 Nxc3 21. Rxc3 Rxc3 22. Qxc3 Qxc3 23. bxc3 Rc8 24. Rd1 Rxc3 25. Bf4 a6 26. Nb3 Be4 27. f3 Bc2 28. Rxd5 Bxb3 29. axb3 Rxb3 30. Rd8 Rb6 31. e4 f6 32. Rb8 Kf7 33. Kh2 Be7 34. Rc8 Rc6 35. Ra8 b5 36. Ra7 Ke6 37. g4 b4 38. Kg3 g5 39. Be3 Bd6+ 40. Kf2 b3 41. Rb7 Rc2+ 42. Ke1 b2 43. Bd4 Rc1+ 0-1

[Event "World Blitz Championship"]
[Site "Berlin GER"]
[Date "2015.10.13"]
[Round "3.6"]
[White "Daniil Dubov"]
[Black "Boris Gelfand"]
[Result "1/2-1/2"]
[EventDate "2015.10.13"]
[WhiteElo "2661"]
[BlackElo "2741"]
[PlyCount "56"]

1. d4 Nf6 2. c4 e6 3. Nf3 d5 4. Nc3 c6 5. Bg5 h6 6. Bxf6 Qxf6 7. e3 g6 8. Be2 Bg7 9. e4 O-O 10. O-O Qd8 11. e5 c5 12. cxd5 cxd4 13. Nxd4 Bxe5 14. Re1 Qb6 15. Nb3 Rd8 16. Bf3 Bg7 17. Qe2 Na6 18. Rad1 Nb4 19. Na4 Qc7 20. Rc1 Qd6 21. dxe6 Bxe6 22. Nac5 Nxa2 23. Ra1 Bxb3 24. Nxb3 Nb4 25. Na5 Qb6 26. Nxb7 Rf8 27. Na5 Rad8 28. Nc4 Qc7 1/2-1/2

[Event "World Blitz Championship"]
[Site "Berlin GER"]
[Date "2015.10.13"]
[Round "5.6"]
[White "Daniil Dubov"]
[Black "Viswanathan Anand"]
[Result "1-0"]
[EventDate "2015.10.13"]
[WhiteElo "2661"]
[BlackElo "2803"]
[PlyCount "99"]

1. d4 Nf6 2. c4 e6 3. g3 d5 4. Nf3 Be7 5. Bg2 O-O 6. O-O dxc4 7. Qc2 a6 8. Rd1 b5 9. Ne5 c6 10. b3 cxb3 11. axb3 Bb7 12. Ba3 Nd5 13. Bxe7 Qxe7 14. Nd2 Nd7 15. Nxd7 Qxd7 16. Ne4 a5 17. Nc5 Qc7 18. e3 Ra7 19. Nd3 Rfa8 20. e4 Nf6 21. d5 a4 22. bxa4 Rxa4 23. Rxa4 Rxa4 24. d6 Qb6 25. Nc5 Rc4 26. d7 Nxd7 27. Nxd7 Rxc2 28. Nxb6 g6 29. e5 b4 30. Be4 Rc5 31. Nd7 Ra5 32. Nf6+ Kg7 33. Ne8+ Kf8 34. Nd6 Ba8 35. f4 c5 36. Bxa8 Rxa8 37. Rc1 b3 38. Nc4 Ra2 39. Rb1 Rc2 40. Na3 Rc3 41. Kf2 b2 42. Nb5 Rc2+ 43. Ke3 c4 44. Kd4 Rxh2 45. Kxc4 Rg2 46. Nd6 g5 47. fxg5 Rxg3 48. Rxb2 Rxg5 49. Kd4 Kg7 50. Rf2 1-0

[Event "World Blitz Championship"]
[Site "Berlin GER"]
[Date "2015.10.13"]
[Round "6.2"]
[White "Tigran Levonovich Petrosian"]
[Black "Daniil Dubov"]
[Result "1-0"]
[EventDate "2015.10.13"]
[WhiteElo "2625"]
[BlackElo "2661"]
[PlyCount "57"]

1. Nf3 g6 2. g3 b6 3. Bg2 Bb7 4. O-O Bg7 5. d3 c5 6. e4 d6 7. Re1 Nd7 8. Bg5 Bxb2 9. Nbd2 Bxa1 10. Qxa1 f6 11. Be3 e5 12. Nc4 Qc7 13. a4 Ne7 14. Bh6 d5 15. exd5 Bxd5 16. Ne3 Bc6 17. a5 b5 18. Ng4 Qd6 19. Qa2 O-O-O 20. a6 Nf5 21. Bd2 h5 22. Ne3 Nd4 23. Nxd4 cxd4 24. Nd5 Kb8 25. Ba5 Nb6 26. Bxb6 axb6 27. a7+ Kb7 28. Ra1 Ra8 29. Qa6# 1-0

[Event "World Blitz Championship"]
[Site "Berlin GER"]
[Date "2015.10.13"]
[Round "7.8"]
[White "Daniil Dubov"]
[Black "Vladimir Fedoseev"]
[Result "1-0"]
[EventDate "2015.10.13"]
[WhiteElo "2661"]
[BlackElo "2659"]
[PlyCount "147"]

1. Nf3 Nf6 2. c4 g6 3. Nc3 Bg7 4. e4 d6 5. d4 O-O 6. Be2 e5 7. O-O Nc6 8. d5 Ne7 9. b4 Nh5 10. c5 Nf4 11. Bxf4 exf4 12. Rc1 h6 13. Nb5 a6 14. Nbd4 Bd7 15. h3 a5 16. b5 Re8 17. c6 bxc6 18. dxc6 Be6 19. Nxe6 fxe6 20. Qb3 Nc8 21. e5 d5 22. Bd3 g5 23. Bb1 Nb6 24. Qd3 Kf8 25. Qg6 Re7 26. h4 Qe8 27. hxg5 Qxg6 28. Bxg6 hxg5 29. Nxg5 Nc4 30. Nh7+ Kg8 31. Nf6+ Kh8 32. Rxc4 dxc4 33. Rc1 Rf8 34. Nd7 Rd8 35. Rxc4 Rdxd7 36. cxd7 Rxd7 37. b6 Bxe5 38. b7 c6 39. Rc5 Bb8 40. Rxc6 Rxb7 41. Rxe6 Rb2 42. Be4 Kg7 43. Re7+ Kf6 44. Rd7 Be5 45. a4 Rb4 46. Bc2 Bd4 47. Rd6+ Ke5 48. Ra6 Bb6 49. Ra8 Rb2 50. Re8+ Kd4 51. Re2 Kc3 52. Bd3 Rb4 53. Bb5 Rb1+ 54. Kh2 Rf1 55. f3 Rd1 56. Kh3 Rd4 57. Kg4 Bc5 58. Kf5 Bd6 59. Re6 Rd2 60. Rxd6 Rxd6 61. Kxf4 Kd4 62. Kg5 Rd5+ 63. Kg4 Rxb5 64. axb5 Kc5 65. f4 a4 66. f5 a3 67. f6 a2 68. f7 a1=Q 69. f8=Q+ Kxb5 70. Qf5+ Kc6 71. Qe4+ Kd6 72. Kf5 Qa5+ 73. Kg6 Kd7 74. Qf5+ 1-0

[Event "World Blitz Championship"]
[Site "Berlin GER"]
[Date "2015.10.13"]
[Round "8.5"]
[White "Francisco Vallejo Pons"]
[Black "Daniil Dubov"]
[Result "1-0"]
[EventDate "2015.10.13"]
[WhiteElo "2684"]
[BlackElo "2661"]
[PlyCount "140"]

1. e4 g6 2. d4 Bg7 3. Nc3 d6 4. Be3 a6 5. a4 Nf6 6. h3 b6 7. g4 Bb7 8. Bg2 e6 9. Nge2 O-O 10. Qd2 c5 11. d5 exd5 12. exd5 Nbd7 13. O-O Re8 14. Ng3 Ne5 15. b3 Nexg4 16. hxg4 Nxg4 17. Bf4 f5 18. Rfe1 Qh4 19. Rxe8+ Rxe8 20. Re1 Rd8 21. Nd1 b5 22. Bg5 Qh2+ 23. Kf1 Rf8 24. Re7 f4 25. Bxf4 Bd4 26. Ne2 Qh4 27. Nxd4 Qxe7 28. Ne6 Rf5 29. axb5 axb5 30. Ne3 Nxe3+ 31. Bxe3 Qf6 32. c4 bxc4 33. bxc4 Ba6 34. Kg1 Bxc4 35. Qa5 Qe7 36. Qa8+ Rf8 37. Qxf8+ Qxf8 38. Nxf8 Kxf8 39. Bf4 Ke7 40. Bg5+ Kd7 41. f4 Bd3 42. Kf2 Bf5 43. Ke3 Kc7 44. Be7 Kd7 45. Bf8 Kc7 46. Be7 Kd7 47. Bf8 Kc7 48. Bf3 Kd7 49. Be2 Kc7 50. Bg7 Kb6 51. Bh6 Kc7 52. Bg5 Bc8 53. Bd3 Bb7 54. Be4 Bc8 55. Kd3 Ba6+ 56. Kc3 Bc8 57. Be7 Kd7 58. Bf8 Kc7 59. Kd3 Ba6+ 60. Ke3 Bc4 61. Kf3 Bb3 62. Kg4 c4 63. Bg7 Kb6 64. Bc3 Kc5 65. Kg5 Bd1 66. Kh6 Bg4 67. Kxh7 Bf5 68. Bxf5 gxf5 69. Kg6 Kxd5 70. Kxf5 Kc6 1-0

[Event "World Blitz Championship"]
[Site "Berlin GER"]
[Date "2015.10.13"]
[Round "9.12"]
[White "Daniil Dubov"]
[Black "Vladimir Onischuk"]
[Result "0-1"]
[EventDate "2015.10.13"]
[WhiteElo "2661"]
[BlackElo "2612"]
[PlyCount "74"]

1. c4 d6 2. g3 g6 3. Bg2 Bg7 4. Nc3 Nf6 5. d4 O-O 6. e3 Nbd7 7. Nge2 e5 8. O-O Re8 9. Qc2 Qe7 10. b3 e4 11. Bb2 c6 12. d5 c5 13. a3 Nf8 14. b4 b6 15. bxc5 bxc5 16. Rab1 g5 17. Ba1 Ng6 18. Rb3 Ba6 19. Nb5 h5 20. Rfb1 h4 21. Bxf6 Bxf6 22. Nec3 Bxc3 23. Qxc3 Bc8 24. Bxe4 Qxe4 25. Nxd6 Qe7 26. Nxe8 Qxe8 27. Rb8 Rxb8 28. Rxb8 h3 29. Qd3 Kh7 30. d6 Qc6 31. e4 Be6 32. Qd1 Kg7 33. Qa1+ f6 34. Qe1 Qxd6 35. Rb2 Ne5 36. Kh1 Qd3 37. Rb7+ Kg6 0-1

[Event "World Blitz Championship"]
[Site "Berlin GER"]
[Date "2015.10.13"]
[Round "10.23"]
[White "Georg Meier"]
[Black "Daniil Dubov"]
[Result "1/2-1/2"]
[EventDate "2015.10.13"]
[WhiteElo "2654"]
[BlackElo "2661"]
[PlyCount "55"]

1. Nf3 Nf6 2. g3 g6 3. Bg2 Bg7 4. O-O O-O 5. d4 b6 6. b3 Bb7 7. Bb2 d5 8. Nbd2 Nbd7 9. c4 c5 10. Rc1 Rc8 11. Rc2 dxc4 12. Nxc4 b5 13. Ne3 cxd4 14. Bxd4 Qa5 15. Qa1 Rxc2 16. Nxc2 Rc8 17. Ne3 Qc7 18. Rd1 a6 19. h3 Be4 20. Ng4 Qb7 21. Nxf6+ Bxf6 22. Rd2 Bxd4 23. Qxd4 Nf6 24. Qe5 Qc7 25. Qd4 Qb7 26. Qe5 Qc7 27. Qd4 Qb7 28. Qe5 1/2-1/2

[Event "World Blitz Championship"]
[Site "Berlin GER"]
[Date "2015.10.13"]
[Round "11.21"]
[White "Dmitry Andreikin"]
[Black "Daniil Dubov"]
[Result "1/2-1/2"]
[EventDate "2015.10.13"]
[WhiteElo "2720"]
[BlackElo "2661"]
[PlyCount "117"]

1. Nc3 d5 2. e4 e6 3. d4 Bb4 4. exd5 exd5 5. Bd3 Nc6 6. a3 Be7 7. Nf3 Nf6 8. h3 O-O 9. O-O h6 10. Bf4 Bd6 11. Qd2 a6 12. Rfe1 Bxf4 13. Qxf4 Be6 14. Re3 Nh5 15. Qh2 Rc8 16. g4 Nf6 17. g5 hxg5 18. Nxg5 Nxd4 19. Qf4 c5 20. Rg3 Nh5 21. Qh4 g6 22. Qxh5 gxh5 23. Nxe6+ Kh8 24. Nxd8 Rcxd8 25. Re1 h4 26. Rg4 Nf3+ 27. Kf1 c4 28. Bf5 Nh2+ 29. Kg2 Nxg4 30. hxg4 d4 31. Ne4 Rfe8 32. Kf3 Kg7 33. Rh1 d3 34. cxd3 cxd3 35. Ke3 d2 36. Ke2 d1=Q+ 37. Rxd1 Rxd1 38. Kxd1 h3 39. Ng3 h2 40. Kd2 Kf6 41. f4 Kg7 42. g5 f6 43. g6 Rh8 44. Be4 Rh3 45. Nh1 Rb3 46. Kc2 Re3 47. Bxb7 Kxg6 48. Bxa6 Kf5 49. Bb7 Kxf4 50. a4 Re7 51. Bd5 Rd7 52. Bg2 Rg7 53. Bd5 Rg5 54. Bb7 Rg7 55. Bd5 Rd7 56. Bg2 Rg7 57. Bd5 Rg5 58. Bb7 Rg7 59. Bd5 1/2-1/2

[Event "World Rapid Championship"]
[Site "Berlin GER"]
[Date "2015.10.10"]
[Round "1.46"]
[White "Daniil Dubov"]
[Black "Daniel Hausrath"]
[Result "1-0"]
[EventDate "2015.10.10"]
[WhiteElo "2661"]
[BlackElo "2503"]
[PlyCount "95"]

1. d4 Nf6 2. c4 Nc6 3. Nf3 e6 4. g3 d5 5. Bg2 dxc4 6. O-O Rb8 7. Bg5 Be7 8. e3 O-O 9. Nfd2 e5 10. Bxf6 Bxf6 11. d5 Nb4 12. Nc3 b5 13. a4 a6 14. axb5 axb5 15. b3 cxb3 16. Qxb3 Be7 17. Rfd1 Bg4 18. Bf3 Bxf3 19. Nxf3 Bd6 20. Ne4 Rb6 21. Ra5 Re8 22. Nfg5 h6 23. Nxd6 cxd6 24. Nxf7 Kxf7 25. Qxb4 Qd7 26. Rda1 Rc8 27. Ra7 Rc7 28. Ra8 Qf5 29. Qa5 Rcb7 30. Qb4 Rc7 31. e4 Qf6 32. R1a7 Rxa7 33. Rxa7+ Kg6 34. Rc7 Kh7 35. Rc6 Qd8 36. Qa5 Rb8 37. Qa6 Ra8 38. Qxb5 Qf6 39. Qe2 Ra4 40. Kg2 Qg6 41. Rc4 Ra1 42. h4 Qf7 43. Rc6 Qf6 44. Qg4 Ra7 45. h5 Rf7 46. Qg6+ Qxg6 47. hxg6+ Kxg6 48. Rxd6+ 1-0

[Event "World Rapid Championship"]
[Site "Berlin GER"]
[Date "2015.10.10"]
[Round "2.30"]
[White "Kacper Piorun"]
[Black "Daniil Dubov"]
[Result "0-1"]
[EventDate "2015.10.10"]
[WhiteElo "2609"]
[BlackElo "2661"]
[PlyCount "123"]

1. e4 e5 2. Nf3 Nc6 3. Bb5 a6 4. Ba4 Nf6 5. d3 d6 6. c4 Be7 7. h3 O-O 8. Be3 Nd7 9. Nc3 Bf6 10. Bxc6 bxc6 11. d4 exd4 12. Bxd4 Nb6 13. Qd3 Bxd4 14. Nxd4 c5 15. Nf3 f5 16. O-O-O fxe4 17. Nxe4 Bf5 18. Rhe1 Re8 19. Nfd2 Qd7 20. g4 Bxe4 21. Nxe4 Qa4 22. Qb3 Qxc4+ 23. Qxc4+ Nxc4 24. f4 Rab8 25. b3 Na3 26. Ng5 Nb5 27. Ne6 Re7 28. f5 c4 29. bxc4 Nc3 30. Rd3 Nxa2+ 31. Kd2 Rb2+ 32. Ke3 Nb4 33. Rd2 Rb3+ 34. Ke4 Kf7 35. Re3 Rxe3+ 36. Kxe3 g6 37. Kf4 h6 38. Nd4 a5 39. fxg6+ Kxg6 40. Nf5 Re1 41. Kf3 a4 42. Rb2 a3 43. Rxb4 a2 44. Ne7+ Kf7 45. Ra4 a1=Q 46. Rxa1 Rxa1 47. Nd5 Ra3+ 48. Ke4 c6 49. Ne3 Ke6 50. h4 Ra4 51. g5 hxg5 52. hxg5 Ra5 53. Kf4 Ra1 54. Ke4 d5+ 55. cxd5+ cxd5+ 56. Kd4 Ra4+ 57. Kd3 Ra1 58. Nc2 Rd1+ 59. Ke2 Rc1 60. Kd3 Ke5 61. Kd2 Rg1 62. Ne1 0-1